El calentamiento global. Historia de un descubrimiento científico
Guardat en:
| Autor principal: | |
|---|---|
| Format: | Llibre |
| Idioma: | espanyol |
| Publicat: |
Ciudad de México
Océano
2006
|
| Edició: | 1a. ed |
| Col·lecció: | <Las >Dos Culturas, 4
|
| Matèries: | |
| Etiquetes: |
Afegir etiqueta
Sense etiquetes, Sigues el primer a etiquetar aquest registre!
|
MARC
| LEADER | 00000nam a2200000 a 4500 | ||
|---|---|---|---|
| 001 | UCI2206 | ||
| 003 | CL-VaPUC | ||
| 008 | 070810e20060000MX |||||||||||||||||spa|d | ||
| 020 | |a 9707771895 | ||
| 082 | 0 | 4 | |a 363.73874 |b WEA |2 21 |
| 100 | 0 | |a Weart, Spencer |e author |9 523141 | |
| 245 | 1 | 3 | |a El calentamiento global. Historia de un descubrimiento científico |
| 250 | |a 1a. ed | ||
| 300 | |a 260 p | ||
| 942 | |c BK | ||
| 945 | |d 20070810 00:00:00 |a rbrito | ||
| 260 | |a Ciudad de México |b Océano |c 2006 | ||
| 650 | 0 | |a Calentamiento global |9 262148 | |
| 650 | 0 | |a Cambio climático |9 428490 | |
| 650 | 0 | |a Condiciones atmosféricas |9 340107 | |
| 650 | 0 | |a Política ambiental |9 262970 | |
| 650 | 0 | |a Protección del medio ambiente |9 257626 | |
| 583 | |a last modification |c 20161003 11:12:27 |k Rodrigo Vera | ||
| 490 | 0 | |a <Las >Dos Culturas, 4 | |
| 999 | |c 326844 |d 326842 | ||
| 952 | |0 0 |1 0 |4 0 |6 363_738740000000000_WEA_2006 |7 0 |8 A |9 409014 |a BIBING |b BIBING |d 2019-11-22 |i 4362632 |o 363.73874 WEA 2006 |p 4362632 |r 2025-01-20 |w 2019-11-22 |y BK |k GEO | ||